| 000 | 00536nam a2200169Ia 4500 | ||
|---|---|---|---|
| 999 |
_c36590 _d36590 |
||
| 003 | OSt | ||
| 005 | 20201211123050.0 | ||
| 008 | 190216s9999||||xx |||||||||||||| ||und|| | ||
| 020 | _a9780861876174 | ||
| 040 | _coclc | ||
| 082 |
_a365.34 _bTOM/C |
||
| 100 |
_aTomasevski, Katarina _97397 |
||
| 245 | 0 |
_aChildren In Adults Prisons An International Perspectives / _cKatarina Tomasevski |
|
| 260 |
_bFrances Pinter Publishers, _c1986. _aLondon: |
||
| 300 | _a404p | ||
| 942 |
_cREF _2ddc _h365.34 _iTOM/C _k365.34 _mTOM/C |
||